000 00994nam a2200301 i 4500
003 EG-GICUC
005 20260224234640.0
008 260224s1924 fr |||fr|||| 000 0 fre d
040 _aEG-GiCUC
_bfre
_cEG-GiCUC
_dEG-GiCUC
_eRda
041 _afre
_hfre
082 0 4 _221
_a341.8
_bPI . T
092 0 4 _221
099 _alaw1 12 341. 8 PI . T 1924
100 1 _aPillet, Antoine
_eAuteur
245 1 0 _aTraite Pratique De Droit International Privé.
_nTome 11 /
_cPar Antoine Pillet.
264 1 _aParis :
_bLibrairie De La Société,
_c1924.
300 _a960 pages ;
_c24 cm.
_billustration ;
336 _2rda contenu
_a texte
337 _2rda medias
_aOrdinateur
338 _2 transporteur rda
_a Ressource en ligne
504 _aBibliography: pages 200-250. 240-220
546 _aTexte en français
650 1 4 _aDroit international Privé
_2qrmak
651 1 _2qrmak
856 4 0 _uhttps://fll.law.cu.edu.eg/fulltext/bks/B12-01832.pdf
905 _a79
942 _2ddc
_cBK
_e21
_n0
999 _c64133
_d64133